Statistics for Countries Of Africa Without Map

Click here to take the quiz!

General Stats

  • This quiz has been taken 95 times
  • The average score is 45 of 54

Answer Stats

Answer% Correct
Algeria
94%
DR Congo
94%
Egypt
94%
Tunisia
92%
Chad
91%
Libya
91%
Madagascar
89%
Somalia
89%
South Africa
89%
South Sudan
89%
Sudan
89%
Benin
88%
Morocco
88%
Cameroon
86%
Central African Republic
86%
Ghana
86%
Niger
86%
Togo
86%
Uganda
86%
Zambia
86%
Zimbabwe
86%
Guinea
85%
Lesotho
85%
Mali
85%
Swaziland
85%
The Gambia
85%
Burundi
83%
Eritrea
83%
Gabon
83%
Guinea Bissau
83%
Kenya
83%
Mauritania
83%
Mozambique
83%
Nigeria
83%
Senegal
83%
Tanzania
83%
Angola
82%
Djibouti
82%
Burkina Faso
80%
Comoros
80%
Seychelles
80%
Cape Verde
79%
Equatorial Guinea
79%
Ethiopia
79%
Malawi
79%
Mauritius
79%
Ivory Coast
77%
Liberia
77%
Sierra Leone
77%
Namibia
76%
Rwanda
76%
Botswana
74%
Sao Tome
74%
Republic Of Congo
42%

Score Distribution

Percentile by Number Answered

Percent of People with Each Score

Your Score History

You have not taken this quiz